Welcome to CU Library Online Public Access Catalogue (OPAC)

Ghanaian Law of Copyright (Record no. 244)

MARC details
000 -LEADER
fixed length control field 00459nam a22001577a 4500
005 - DATE AND TIME OF LATEST TRANSACTION
control field 20241026123301.0
008 - FIXED-LENGTH DATA ELEMENTS--GENERAL INFORMATION
fixed length control field 241026b |||||||| |||| 00| 0 eng d
020 ## - INTERNATIONAL STANDARD BOOK NUMBER
International Standard Book Number 9780992777203
100 ## - MAIN ENTRY--PERSONAL NAME
Personal name Amegatcher, Andrew Ofoe. Barrister at Law
245 ## - TITLE STATEMENT
Title Ghanaian Law of Copyright
250 ## - EDITION STATEMENT
Edition statement Second Edition
260 ## - PUBLICATION, DISTRIBUTION, ETC.
Place of publication, distribution, etc. United Kingdom
Name of publisher, distributor, etc. Omega Law Publishers
Date of publication, distribution, etc. 2013
300 ## - PHYSICAL DESCRIPTION
Extent xiv, 271 pages.
Other physical details Index
Dimensions 21.5 cm
650 ## - SUBJECT ADDED ENTRY--TOPICAL TERM
Source of heading or term Copyright Law
942 ## - ADDED ENTRY ELEMENTS (KOHA)
Source of classification or shelving scheme Library of Congress Classification
Koha item type Books
Suppress in OPAC No
999 ## -
-- 244
-- 244
Holdings
Withdrawn status Lost status Source of classification or shelving scheme Damaged status Not for loan Collection Home library Current library Shelving location Date acquired Total checkouts Full call number Barcode Date last seen Copy number Price effective from Koha item type
    Library of Congress Classification     Non-fiction Law Library (Miotso) Law Library (Miotso) Reference 10/26/2024   KRX1065.L52 AME LLM00000287 10/26/2024 1 10/26/2024 Books
    Library of Congress Classification     Non-fiction Law Library (Miotso) Law Library (Miotso) General stacks 11/01/2024   KD1289.A3 AME llm00000514 11/01/2024 2 11/01/2024 Books
    Library of Congress Classification     Non-fiction Law Library (Miotso) Law Library (Miotso) Reference 11/01/2024   KD1289.A3 AME llm00000577 11/02/2024 3 11/01/2024 Books
© 2023-2024 Copyright: Central University Libraries. All Rights Reserved | Created by: Mahone Tech Office